000 00594nam a22002057a 4500
005 20250519134451.0
008 250519b |||||||| |||| 00| 0 eng d
040 _cDO
245 _aCelebrations of earth and beyond
250 _aSpecial Millennium Issue
490 _aNational Geographic
520 _aCelebrations of Earth, Life Beyond Earth, Rediscovering America, Tibet Embraces the New Year, The Enigma of Beauty, Light in the Deep
650 _xEARTH
650 _xEARTH
650 _xAMERICA
650 _xTIBET
650 _xBEAUTY
650 _xANIMALS
942 _2ddc
_cCR
999 _c5537
_d5537